Raghuveer sahay aur unka kavya "log bhool gaye hain"/ (Record no. 61064)

000 -LEADER
fixed length control field 00425 a2200157 4500
020 ## - INTERNATIONAL STANDARD BOOK NUMBER
ISBN 8188554499
082 ## - DEWEY DECIMAL CLASSIFICATION NUMBER
Classification number H100 9
Item number SHY/R
100 ## - MAIN ENTRY--AUTHOR NAME
Personal name Syam Babu Sharma
245 ## - TITLE STATEMENT
Title Raghuveer sahay aur unka kavya "log bhool gaye hain"/
Statement of responsibility, etc by Syam Babu Sharma
260 ## - PUBLICATION, DISTRIBUTION, ETC. (IMPRINT)
Name of publisher Vidya Prakashan,
Place of publication Kanpur:
Year of publication 2009.
300 ## - PHYSICAL DESCRIPTION
Number of Pages 112p.
650 ## - SUBJECT ADDED ENTRY--TOPICAL TERM
Topical Term Poetry Hindi Criticism
650 ## - SUBJECT ADDED ENTRY--TOPICAL TERM
Topical Term Literature Hindi
650 ## - SUBJECT ADDED ENTRY--TOPICAL TERM
Topical Term Literature
942 ## - ADDED ENTRY ELEMENTS (KOHA)
Koha item type Book
Holdings
Withdrawn status Lost status Damaged status Not for loan Permanent Location Current Location Shelving location Date acquired Cost, normal purchase price Full call number Accession Number Price effective from Koha item type
        Sree Sankaracharya University of Sanskrit Sree Sankaracharya University of Sanskrit Stacks 09.11.2016 175.00 H1009 SHY/R 082501 09.11.2016 Book